000 01001nam a2200205 4500
999 _c57015
_d57015
003 Ge_BSU
005 20191009144138.0
008 191009b1950 ge ||||| |||| 00| 0 geo d
041 _ageo
080 _a821.353.1-311.6 ბ-45
100 _aბელიაშვილი, აკაკი
_94491
245 _aთავგადასავალი ბესიკ გაბაშვილისა :
_bრომანი /
_cაკაკი ბელიაშვილი ; რედ. რ. ორჯონიკიძე.
250 _aმეორე გამოცემა
264 _aთბილისი :
_bსაბჭ. მწერალი-ს გამ-ბა და სტ. ;
_c1950.
300 _a720 გვ. :
_bილ. ;
_c23 სმ.
653 _aთავგადასავალი ბესიკ გაბაშვილისა
653 _aრომანი
700 _aორჯონიკიძე, რ.
_eრედაქტორი
_94655
942 _2udc
_cBK